SQL programming style
Joe Celko, maybe one of the most prominent representatives of the database community these days, has written some of the best books about SQL programming in general. This book, however, is different. "SQL Programming Style" doesn't teach you how to become a better SQL developer with S...
Gardado en:
| Autor Principal: | |
|---|---|
| Formato: | Libro |
| Idioma: | Undetermined |
| Publicado: |
Amsterdam
Elsevier/Morgan Kaufmann
2005
|
| Những chủ đề: | |
| Các nhãn: |
Engadir etiqueta
Sen Etiquetas, Sexa o primeiro en etiquetar este rexistro!
|
| Thư viện lưu trữ: | Trung tâm Học liệu Trường Đại học Cần Thơ |
|---|
| LEADER | 00961nam a2200205Ia 4500 | ||
|---|---|---|---|
| 001 | CTU_168522 | ||
| 008 | 210402s9999 xx 000 0 und d | ||
| 020 | |c 27.37 | ||
| 082 | |a 005.7585 | ||
| 082 | |b C392 | ||
| 100 | |a Celko, Joe | ||
| 245 | 0 | |a SQL programming style | |
| 245 | 0 | |c Joe Celko | |
| 260 | |a Amsterdam | ||
| 260 | |b Elsevier/Morgan Kaufmann | ||
| 260 | |c 2005 | ||
| 520 | |a Joe Celko, maybe one of the most prominent representatives of the database community these days, has written some of the best books about SQL programming in general. This book, however, is different. "SQL Programming Style" doesn't teach you how to become a better SQL developer with SQL puzzles and brainteasers. Rather, it shows you "how to work in logical and declarative terms | ||
| 650 | |a SQL (Computer program language),SQL (chương trình ngôn ngữ máy tính) | ||
| 904 | |i Huệ, Hải | ||
| 980 | |a Trung tâm Học liệu Trường Đại học Cần Thơ | ||